000 00524nam a2200193Ia 4500
008 151121s9999||||xx |||||||||||||| ||und||
082 _a813-/गोखले
082 _bHNW-20799
100 _aगोखले अ।
245 _aमाहेर
260 _b"ललित साहित्य प्रकाशन,"
260 _c--
300 _a151
600 _aगोखले अ।
630 _aमाहेर
700 _aगोखले अ।
730 _aमाहेर
942 _cBOOK
999 _c1221270
_d1221267